Normal view MARC view

Entry Personal Name

Number of records used in: 1

001 - CONTROL NUMBER

  • control field: 676

003 - CONTROL NUMBER IDENTIFIER

  • control field: DLC

005 - DATE AND TIME OF LATEST TRANSACTION

  • control field: 20191223105023.0

008 - FIXED-LENGTH DATA ELEMENTS

  • fixed length control field: 000614n| acannaabn |a aaa

010 ## - LIBRARY OF CONGRESS CONTROL NUMBER

  • LC control number: no 00041906

035 ## - SYSTEM CONTROL NUMBER

  • System control number: (OCoLC)oca05238568

040 ## - CATALOGING SOURCE

  • Original cataloging agency: DLC-ON
  • Language of cataloging: eng
  • Transcribing agency: DLC-ON

100 1# - HEADING--PERSONAL NAME

  • Personal name: Gupta, Gautam

400 0# - SEE FROM TRACING--PERSONAL NAME

  • Personal name: Gautam Gupta

670 ## - SOURCE DATA FOUND

  • Source citation: Issues in development economics, c2000:
  • Information found: t.p. (Gautam Gupta) p. 4. of cover (Dept. of Econ., Jadavpur U., Calcutta)

Powered by Koha